LEADER 03088ngs 22007933 450 001 9910295820903321 005 20210129032805.9 035 $a(OCoLC)1017697268 035 $a(CKB)4960000000026259 035 $a(CONSER)--2018202202 035 $a(EXLCZ)994960000000026259 100 $a20180102a20149999 --- v 101 0 $aeng 135 $aur||||||||||| 181 $ctdi$2rdacontent 181 $cspw$2rdacontent 181 $ctxt$2rdacontent 182 $cc$2rdamedia 183 $acr$2rdacarrier 200 00$aJoVE science education$iLab safety 210 1$aCambridge, Massachusetts :$cMyJoVE Corporation 215 $a1 online resource (streaming video files) 300 $aRefereed/Peer-reviewed 300 $aFrom the publisher: "This collection provides safety guidelines to be followed when working with hazardous materials and equipment. It covers universal topics such as PPE, electrical safety, and general emergency guidelines, as well as some specific safety procedures for chemistry and biology laboratories." 300 $aIncludes video as well as abstracts and transcripts (in both HTML and PDF formats). 311 $a2578-7209 330 $aThis collection provides an introduction to the field of lab safety. 517 1 $aJoVE science education > Basic biology > Lab safety 517 1 $aJoVE science education database. Lab safety 517 1 $aJoVE science education library. Lab safety 517 1 $aJoVE science education collection. Lab safety 517 1 $aJournal of visualized experiments. Science education. Lab safety 531 0 $aJoVE sci. educ., Lab saf. 606 $aLaboratories 606 $aChemicals$xSafety measures 606 $aScience$xStudy and teaching 606 $aBiology$xExperiments 606 $aSafety$xExperiments 606 $aLaboratories$2fast$3(OCoLC)fst00990341 606 $aChemicals$xSafety measures$2fast$3(OCoLC)fst00853304 606 $aBiology$xExperiments$2fast$3(OCoLC)fst00832413 606 $aSafety$2fast$3(OCoLC)fst01036509 606 $aSafety$xStudy and teaching$2fast$3(OCoLC)fst01036521 606 $aScience$xStudy and teaching$2fast$3(OCoLC)fst01108387 608 $aStreaming video. 608 $aFilm clips.$2fast 608 $aInternet videos.$2fast 608 $aNonfiction films.$2fast 608 $aVideo recordings.$2fast 608 $aInternet videos.$2lcgft 608 $aVideo recordings.$2lcgft 608 $aFilm clips.$2lcgft 608 $aNonfiction films.$2lcgft 615 0$aLaboratories. 615 0$aChemicals$xSafety measures. 615 0$aScience$xStudy and teaching. 615 0$aBiology$xExperiments. 615 0$aSafety$xExperiments 615 7$aLaboratories. 615 7$aChemicals$xSafety measures. 615 7$aBiology$xExperiments. 615 7$aSafety 615 7$aSafety$xStudy and teaching. 615 7$aScience$xStudy and teaching. 676 $a570.72 906 $aJOURNAL 912 $a9910295820903321 996 $aJoVE Science Education$91891383 997 $aUNINA LEADER 01637nam 2200421z- 450 001 9910694065903321 005 20060522141304.0 035 $a(CKB)5860000000029809 035 $a(BIP)013690961 035 $a(EXLCZ)995860000000029809 100 $a20220406c2006uuuu -u- - 101 0 $aeng 200 10$aNorth Korea $ean update on six-party talks and matters related to the resolution of the North Korean nuclear crisis : hearing before the Committee on Foreign Relations, United States Senate, One Hundred Ninth Congress, first session, June 14, 2005 215 $a1 online resource (iii, 35 p.) 311 $a0-16-075658-8 517 $aNorth Korea 606 $aNuclear disarmament$zKorea (North) 606 $aNuclear weapons$zKorea (North) 606 $aDiplomatic negotiations in international disputes 606 $aNuclear nonproliferation$zKorea (North)$xInternational cooperation 607 $aUnited States$xForeign relations$zKorea (North) 607 $aKorea (North)$xForeign relations$zUnited States 610 $aNuclear disarmament 610 $aNuclear weapons 610 $aNuclear nonproliferation 610 $aUnited States 610 $aKorea 610 $aPolitical science 610 $aHistory 615 0$aNuclear disarmament 615 0$aNuclear weapons 615 0$aDiplomatic negotiations in international disputes. 615 0$aNuclear nonproliferation$xInternational cooperation. 712 02$aUnited States, Congress Senate Committee on Foreign Relations Staff,$4oth 906 $aBOOK 912 $a9910694065903321 996 $aNORTH Korea$91193164 997 $aUNINA